[Event "Oberliga NRW 9798 I"]
[Site "Germany"]
[Date "1998.??.??"]
[Round "6.3"]
[White "Claesen, Pieter"]
[Black "Schindler, Werner"]
[Result "1-0"]
[WhiteElo "2415"]
[BlackElo "2310"]
[PlyCount "65"]
[EventDate "1997.10.??"]
[EventType "team"]
[EventRounds "9"]
[EventCountry "GER"]
[SourceTitle "EXT 1999"]
[Source "ChessBase"]
[SourceDate "1998.11.16"]
[SourceVersion "1"]
[SourceVersionDate "1998.11.16"]
[SourceQuality "1"]
[WhiteTeam "Palenberg"]
[BlackTeam "Godesberg II"]
[WhiteTeamCountry "GER"]
[BlackTeamCountry "GER"]

1. c4 Nf6 2. Nc3 c5 3. Nf3 g6 4. d4 cxd4 5. Nxd4 Nc6 6. Nc2 Bg7 7. g3 0-0 8. Bg2 d6 9. 0-0 Qa5 10. Bd2 Qh5 11. e4 Qxd1 12. Raxd1 Bd7 13. Bg5 h6 14. Bc1 a6 15. Ne3 Rab8 16. f4 Rfd8 17. h3 b5 18. c5 b4 19. Ne2 dxc5 20. e5 Nd4 21. Nxd4 cxd4 22. Rxd4 Bb5 23. Rxd8+ Rxd8 24. exf6 Bxf1 25. fxe7 Re8 26. Bxf1 Rxe7 27. Bxa6 Bd4 28. Kf2 Rc7 29. Bd2 Rc2 30. Ke2 Rxb2 31. Bc4 Rb1 32. Nd1 Kg7 33. Bb3 1-0

[Event "Bad Woerishofen op 13th"]
[Site "Bad Woerishofen"]
[Date "1997.??.??"]
[Round "4"]
[White "Schindler, Werner"]
[Black "Hestermann, Hans Ludwig"]
[Result "0-1"]
[WhiteElo "1865"]
[BlackElo "1705"]
[PlyCount "155"]
[EventDate "1997.03.07"]
[EventType "swiss"]
[EventRounds "9"]
[EventCountry "GER"]
[SourceTitle "EXT 2000"]
[Source "ChessBase"]
[SourceDate "1999.11.16"]
[SourceVersion "1"]
[SourceVersionDate "1999.11.16"]
[SourceQuality "1"]

1. d4 d5 2. c4 e6 3. Nf3 Nf6 4. e3 Be7 5. Nc3 Nbd7 6. Bd3 0-0 7. 0-0 b6 8. Qe2 Bb7 9. cxd5 exd5 10. b3 c5 11. Bb2 Re8 12. Rfe1 cxd4 13. Nxd4 a6 14. Qd1 Nc5 15. Be2 Nce4 16. a3 Nxc3 17. Bxc3 Rc8 18. Bb2 Rc7 19. Rc1 Ne4 20. Qd3 Bf6 21. Rxc7 Qxc7 22. Rc1 Qd7 23. Qd1 Be5 24. Bg4 Qd6 25. g3 g6 26. Qe2 Nc5 27. Qd1 f5 28. Bh3 Qf6 29. Ba1 Ne6 30. Nxe6 Qxe6 31. Bxe5 Qxe5 32. Rc2 Qe6 33. Bg2 Rd8 34. Qd4 Rd7 35. h4 h6 36. b4 g5 37. Bf3 gxh4 38. Qxh4 Kh7 39. Qf4 Bc6 40. Kg2 Kg6 41. Rc1 Qd6 42. Qd4 Kh7 43. Qxb6 Bb5 44. Qd4 Bc4 45. Rh1 Re7 46. Rc1 Rd7 47. Bd1 Qc6 48. Be2 Rc7 49. Kh2 Qe6 50. Qf4 Qf7 51. Bf3 Rc6 52. Kg1 Qd7 53. Rd1 Rd6 54. Qe5 Kg6 55. e4 fxe4 56. Bxe4+ Kf7 57. Bf5 Qe7 58. Qc3 Qf6 59. Qxf6+ Kxf6 60. Bc2 d4 61. Bd3 Bd5 62. Rc1 Re6 63. Bf1 Bf3 64. Bc4 Rd6 65. Bd3 Kg5 66. a4 Kg4 67. Rc5 Bd5 68. b5 axb5 69. axb5 Kf3 70. Kf1 Kg4 71. Ke1 Kf3 72. Bf1 Kg4 73. Kd2 Kf3 74. Bh3 Be4 75. Bf5 Rb6 76. Bxe4+ Kxe4 77. Rh5 Kf3 78. Kd3 0-1

[Event "BL2-Sued 9596"]
[Site "Germany"]
[Date "1996.??.??"]
[Round "?.5"]
[White "Schindler, Werner"]
[Black "Mandel, Andreas"]
[Result "0-1"]
[WhiteElo "2315"]
[BlackElo "2365"]
[PlyCount "78"]
[EventDate "1995.10.??"]
[EventType "team-tourn"]
[EventRounds "9"]
[EventCountry "GER"]
[SourceTitle "GER-chT2"]
[Source "ChessBase"]
[SourceDate "1999.07.01"]
[SourceVersion "1"]
[SourceVersionDate "1999.07.01"]
[SourceQuality "1"]
[WhiteTeam "Regensburg DJK"]
[BlackTeam "Viernheim"]
[WhiteTeamCountry "GER"]
[BlackTeamCountry "GER"]

1. Nf3 Nf6 2. c4 g6 3. g3 Bg7 4. Bg2 0-0 5. 0-0 d6 6. Nc3 e5 7. d3 Nc6 8. Rb1 a5 9. a3 Re8 10. Nd2 Nd4 11. e3 Nf5 12. b4 axb4 13. axb4 c6 14. Nde4 Nxe4 15. Bxe4 Ne7 16. Bg2 d5 17. Bb2 Be6 18. c5 Qd7 19. Na4 Nc8 20. Re1 Bh3 21. Bh1 h5 22. Ra1 h4 23. Nc3 Rxa1 24. Bxa1 Ne7 25. e4 d4 26. Na4 Bh6 27. Nb6 Qe6 28. Bb2 Kg7 29. Bf3 Ng8 30. Bc1 Bxc1 31. Qxc1 Nf6 32. Qc4 Qe7 33. Ra1 hxg3 34. hxg3 Ng4 35. Qc1 Rh8 36. Ra8 Rxa8 37. Nxa8 Qf6 38. Qd1 Qg5 39. Nb6 Nxf2 0-1

[Event "BL2-Sued 9596"]
[Site "Germany"]
[Date "1996.??.??"]
[Round "?.5"]
[White "Schindler, Werner"]
[Black "Warthmann, Ralf"]
[Result "1-0"]
[WhiteElo "2315"]
[BlackElo "2165"]
[PlyCount "67"]
[EventDate "1995.10.??"]
[EventType "team-tourn"]
[EventRounds "9"]
[EventCountry "GER"]
[SourceTitle "GER-chT2"]
[Source "ChessBase"]
[SourceDate "1999.07.01"]
[SourceVersion "1"]
[SourceVersionDate "1999.07.01"]
[SourceQuality "1"]
[WhiteTeam "Regensburg DJK"]
[BlackTeam "Stuttgart"]
[WhiteTeamCountry "GER"]
[BlackTeamCountry "GER"]

1. Nf3 c5 2. c4 Nc6 3. g3 g6 4. Bg2 Bg7 5. 0-0 Rb8 6. Nc3 a6 7. e3 b5 8. cxb5 axb5 9. d4 cxd4 10. exd4 b4 11. Ne4 d6 12. d5 Na5 13. Re1 Kf8 14. Nd4 h6 15. Be3 Bb7 16. Nd2 Rc8 17. Rc1 Nf6 18. Nc6 Nxc6 19. dxc6 Ba8 20. Qa4 d5 21. Bc5 Kg8 22. Bxe7 Qb6 23. Qxb4 Qxb4 24. Bxb4 Bxc6 25. Bh3 Rb8 26. Bc3 Bd7 27. Bxd7 Nxd7 28. Bxg7 Kxg7 29. Rc7 Rxb2 30. Nf3 Nf6 31. Ree7 Rf8 32. Ne5 Rxa2 33. Rxf7+ Rxf7 34. Rxf7+ 1-0

[Event "BL2-Sued 9596"]
[Site "Germany"]
[Date "1995.??.??"]
[Round "?.5"]
[White "Schindler, Werner"]
[Black "Dittmar, Peter"]
[Result "1/2-1/2"]
[WhiteElo "2315"]
[BlackElo "2355"]
[PlyCount "76"]
[EventDate "1995.10.??"]
[EventType "team-tourn"]
[EventRounds "9"]
[EventCountry "GER"]
[SourceTitle "GER-chT2"]
[Source "ChessBase"]
[SourceDate "1999.07.01"]
[SourceVersion "1"]
[SourceVersionDate "1999.07.01"]
[SourceQuality "1"]
[WhiteTeam "Regensburg DJK"]
[BlackTeam "Sindelfingen"]
[WhiteTeamCountry "GER"]
[BlackTeamCountry "GER"]

1. Nf3 d5 2. g3 Nf6 3. Bg2 c6 4. 0-0 Bg4 5. d4 e6 6. Nbd2 Nbd7 7. c4 Be7 8. b3 0-0 9. Bb2 a5 10. a3 b5 11. c5 h6 12. b4 Qc7 13. Bc3 axb4 14. axb4 Rxa1 15. Qxa1 Ne4 16. Nxe4 dxe4 17. Nd2 Bxe2 18. Re1 Bd3 19. Nxe4 Bxe4 20. Rxe4 Nf6 21. Re2 Nd5 22. Ra2 Bf6 23. Bd2 Rc8 24. Ra8 Qd8 25. Rxc8 Qxc8 26. Bxd5 exd5 27. Be3 Kh7 28. Qb1+ g6 29. Qa2 h5 30. h4 Kg7 31. Qa7 Qg4 32. Qc7 Qe6 33. Kf1 Qe8 34. Kg1 Qe6 35. Kf1 Kg8 36. Qb8+ Kh7 37. Qc7 Kg7 38. Kg1 Qe8 1/2-1/2

[Event "Oberliga Bayern 9394"]
[Site "Bayern"]
[Date "1994.05.08"]
[Round "9.4"]
[White "Schindler, Werner"]
[Black "Kaiser, Wolfgang"]
[Result "1/2-1/2"]
[WhiteElo "2295"]
[BlackElo "2355"]
[PlyCount "55"]
[EventDate "1993.10.10"]
[EventType "team-tourn"]
[EventRounds "9"]
[EventCountry "GER"]
[SourceTitle "EXT 2020"]
[Source "ChessBase"]
[SourceDate "2019.10.17"]
[SourceVersion "1"]
[SourceVersionDate "2019.10.17"]
[SourceQuality "1"]
[WhiteTeam "Regensburg DJK"]
[BlackTeam "Passau"]
[WhiteTeamCountry "GER"]
[BlackTeamCountry "GER"]

1. Nf3 Nf6 2. c4 b6 3. g3 c5 4. Bg2 Bb7 5. 0-0 g6 6. b3 Bg7 7. Bb2 d6 8. d4 Nbd7 9. Nc3 a6 10. Qd2 0-0 11. Rfe1 Qb8 12. dxc5 bxc5 13. e4 e5 14. Rad1 Ne8 15. h4 Nb6 16. Bh3 Bc6 17. h5 Ra7 18. Nh2 Na8 19. hxg6 hxg6 20. Nd5 Bxd5 21. exd5 Qd8 22. Bc3 Nb6 23. Ba5 Qb8 24. Qg5 Nf6 25. f4 Nh7 26. Qh4 Bf6 27. Qh6 Bg7 28. Qh4 1/2-1/2

[Event "Oberliga Bayern 9394"]
[Site "Bayern"]
[Date "1994.02.27"]
[Round "6.4"]
[White "Frieser, Klaus"]
[Black "Schindler, Werner"]
[Result "0-1"]
[WhiteElo "2205"]
[BlackElo "2295"]
[PlyCount "60"]
[EventDate "1993.10.10"]
[EventType "team-tourn"]
[EventRounds "9"]
[EventCountry "GER"]
[SourceTitle "EXT 2020"]
[Source "ChessBase"]
[SourceDate "2019.10.17"]
[SourceVersion "1"]
[SourceVersionDate "2019.10.17"]
[SourceQuality "1"]
[WhiteTeam "Kelheim SC"]
[BlackTeam "Regensburg DJK"]
[WhiteTeamCountry "GER"]
[BlackTeamCountry "GER"]

1. d4 Nf6 2. e3 g6 3. Be2 Bg7 4. Nf3 0-0 5. 0-0 d6 6. Nbd2 Nc6 7. c3 e5 8. b4 exd4 9. exd4 Nd5 10. Ne4 Bf5 11. Nfd2 Re8 12. Bf3 Bxe4 13. Nxe4 Rxe4 14. Bxe4 Nxc3 15. Qd3 d5 16. Bf3 Nxd4 17. Bb2 Nxf3+ 18. Qxf3 Qf6 19. Qxc3 Qxc3 20. Bxc3 Bxc3 21. Rac1 d4 22. Rfd1 c6 23. Kf1 a5 24. bxa5 Rxa5 25. Rc2 b5 26. Ke2 c5 27. Kd3 f5 28. Ke2 c4 29. Kf3 b4 30. Rdc1 Ra3 0-1

[Event "Bundesliga 9293"]
[Site "Germany"]
[Date "1993.??.??"]
[Round "?.6"]
[White "Schindler, Werner"]
[Black "Volke, Karsten"]
[Result "1/2-1/2"]
[WhiteElo "2300"]
[BlackElo "2460"]
[PlyCount "49"]
[EventDate "1992.10.24"]
[EventType "team-tourn"]
[EventRounds "15"]
[EventCountry "GER"]
[SourceTitle "GER-chT"]
[Source "ChessBase"]
[SourceDate "1999.07.01"]
[SourceVersion "1"]
[SourceVersionDate "1999.07.01"]
[SourceQuality "1"]
[WhiteTeam "Kirchheim"]
[BlackTeam "Muenchen 36"]
[WhiteTeamCountry "GER"]
[BlackTeamCountry "GER"]

1. Nf3 Nf6 2. c4 g6 3. g3 Bg7 4. Bg2 0-0 5. 0-0 d6 6. Nc3 e5 7. d3 Nc6 8. Rb1 a5 9. a3 h6 10. b4 axb4 11. axb4 Be6 12. b5 Ne7 13. Bb2 Qc8 14. Re1 Bh3 15. Bh1 Nd7 16. Qc2 Nc5 17. Ra1 Qe6 18. Rxa8 Rxa8 19. Nd2 c6 20. Ra1 Rxa1+ 21. Bxa1 cxb5 22. cxb5 b6 23. Qa2 Qxa2 24. Nxa2 d5 25. Nb4 1/2-1/2

[Event "BL2-Sued 9192"]
[Site "Germany"]
[Date "1992.??.??"]
[Round "?"]
[White "Schindler, Werner"]
[Black "Gabriel, Robert A"]
[Result "1-0"]
[WhiteElo "2300"]
[BlackElo "2250"]
[PlyCount "69"]
[EventDate "1991.10.??"]
[EventType "team-tourn"]
[EventRounds "9"]
[EventCountry "GER"]
[SourceTitle "GER-chT2"]
[Source "ChessBase"]
[SourceDate "1999.07.01"]
[SourceVersion "1"]
[SourceVersionDate "1999.07.01"]
[SourceQuality "1"]

1. Nf3 d5 2. c4 e6 3. g3 g6 4. Bg2 Bg7 5. d4 Ne7 6. 0-0 Nbc6 7. Nc3 0-0 8. e3 dxc4 9. Qa4 e5 10. Nxe5 Nxe5 11. dxe5 Bxe5 12. Rd1 Qe8 13. Qxc4 c6 14. e4 Bg4 15. f3 Be6 16. Qe2 Bg7 17. Bg5 f6 18. Be3 Qf7 19. f4 b6 20. b3 Rfd8 21. Rd3 f5 22. e5 Bf8 23. Rad1 Rxd3 24. Qxd3 Kg7 25. Qa6 Nd5 26. Nxd5 cxd5 27. Bxb6 Bc8 28. Qa5 axb6 29. Qxa8 Bb7 30. Qd8 Bc5+ 31. Kh1 Bc6 32. b4 Bxb4 33. Qxb6 Ba4 34. Qf6+ Qxf6 35. exf6+ 1-0

[Event "BL2-Sued 9192"]
[Site "Germany"]
[Date "1992.??.??"]
[Round "?"]
[White "Schindler, Werner"]
[Black "Preiss, Martin"]
[Result "1/2-1/2"]
[WhiteElo "2300"]
[BlackElo "2275"]
[PlyCount "85"]
[EventDate "1991.10.??"]
[EventType "team-tourn"]
[EventRounds "9"]
[EventCountry "GER"]
[SourceTitle "GER-chT2"]
[Source "ChessBase"]
[SourceDate "1999.07.01"]
[SourceVersion "1"]
[SourceVersionDate "1999.07.01"]
[SourceQuality "1"]

1. e4 d6 2. d4 Nf6 3. Nc3 g6 4. Nf3 Bg7 5. Be2 0-0 6. 0-0 Bg4 7. Be3 Nc6 8. h3 Bxf3 9. Bxf3 Nd7 10. Qd2 e5 11. dxe5 dxe5 12. Ne2 Qe7 13. c3 Rfd8 14. Rad1 Nc5 15. Qc1 a5 16. Rxd8+ Nxd8 17. b3 Nde6 18. Rd1 Rd8 19. Rxd8+ Qxd8 20. Qd2 Qxd2 21. Bxd2 Bf6 22. b4 axb4 23. cxb4 Na4 24. Nc3 Nxc3 25. Bxc3 b5 26. Be2 c6 27. Bd1 Nd4 28. Kf1 Be7 29. Ke1 c5 30. bxc5 Bxc5 31. Bb3 Nxb3 32. axb3 f6 33. f4 Bd6 34. Ke2 Kf7 35. f5 g5 36. g4 Ke7 37. Be1 Ba3 38. h4 h6 39. h5 Kd7 40. Kd3 Be7 41. Ba5 Kc6 42. Kc3 Kd7 43. Kd3 1/2-1/2

[Event "BL2-Sued 9192"]
[Site "Germany"]
[Date "1992.??.??"]
[Round "?"]
[White "Siegel, Georg"]
[Black "Schindler, Werner"]
[Result "1/2-1/2"]
[WhiteElo "2320"]
[BlackElo "2300"]
[PlyCount "50"]
[EventDate "1991.10.??"]
[EventType "team-tourn"]
[EventRounds "9"]
[EventCountry "GER"]
[SourceTitle "GER-chT2"]
[Source "ChessBase"]
[SourceDate "1999.07.01"]
[SourceVersion "1"]
[SourceVersionDate "1999.07.01"]
[SourceQuality "1"]

1. d4 Nf6 2. c4 g6 3. Nc3 d5 4. Bf4 Bg7 5. e3 0-0 6. Nf3 c5 7. dxc5 Ne4 8. Rc1 Nxc3 9. bxc3 dxc4 10. Qxd8 Rxd8 11. Bxc4 Nd7 12. Bc7 Rf8 13. c6 bxc6 14. 0-0 Nb6 15. Bb3 Ba6 16. Rfd1 Be2 17. Rd2 Bxf3 18. gxf3 Rac8 19. Bf4 Rfd8 20. e4 Rxd2 21. Bxd2 Rd8 22. Be1 Bh6 23. Rb1 Kf8 24. Kf1 Bf4 25. h3 Ke8 1/2-1/2

[Event "Bundesliga 9293"]
[Site "Germany"]
[Date "1992.??.??"]
[Round "?.7"]
[White "Vogt, Lothar"]
[Black "Schindler, Werner"]
[Result "1-0"]
[WhiteElo "2530"]
[BlackElo "2300"]
[PlyCount "91"]
[EventDate "1992.10.24"]
[EventType "team-tourn"]
[EventRounds "15"]
[EventCountry "GER"]
[SourceTitle "GER-chT"]
[Source "ChessBase"]
[SourceDate "1999.07.01"]
[SourceVersion "1"]
[SourceVersionDate "1999.07.01"]
[SourceQuality "1"]
[WhiteTeam "Koeln Porz"]
[BlackTeam "Kirchheim"]
[WhiteTeamCountry "GER"]
[BlackTeamCountry "GER"]

1. e4 d5 2. exd5 Qxd5 3. Nc3 Qd6 4. Bc4 Nf6 5. d4 a6 6. Nf3 b5 7. Bb3 Nbd7 8. Ng5 e6 9. Qf3 Rb8 10. d5 Nc5 11. dxe6 Bxe6 12. 0-0 Be7 13. Bf4 Qb6 14. Be3 Bxb3 15. axb3 Qb7 16. Qf5 Ncd7 17. Rfd1 g6 18. Qh3 Rd8 19. Bd4 c5 20. Bxf6 Nxf6 21. Rxd8+ Bxd8 22. Re1+ Kf8 23. Qh6+ Kg8 24. h3 Be7 25. Nce4 Nxe4 26. Nxe4 Qc8 27. g4 Qe6 28. g5 Bf8 29. Qh4 Kg7 30. Qh6+ Kg8 31. Nf6+ Qxf6 32. Qxf8+ Kxf8 33. gxf6 g5 34. Re5 h6 35. Rxc5 Kg8 36. Rc8+ Kh7 37. Rxh8+ Kxh8 38. c4 Kg8 39. Kg2 Kf8 40. Kg3 Ke8 41. Kg4 Kd7 42. Kh5 Ke6 43. Kxh6 bxc4 44. bxc4 Kxf6 45. c5 a5 46. c6 1-0

[Event "Bundesliga 8990"]
[Site "Germany"]
[Date "1990.??.??"]
[Round "?.7"]
[White "Paulsen, Dirk"]
[Black "Schindler, Werner"]
[Result "1/2-1/2"]
[WhiteElo "2370"]
[BlackElo "2295"]
[PlyCount "87"]
[EventDate "1989.10.??"]
[EventType "team-tourn"]
[EventRounds "15"]
[EventCountry "GER"]
[SourceTitle "GER-chT"]
[Source "ChessBase"]
[SourceDate "1999.07.01"]
[SourceVersion "1"]
[SourceVersionDate "1999.07.01"]
[SourceQuality "1"]
[WhiteTeam "Lasker Steglitz"]
[BlackTeam "Kirchheim"]
[WhiteTeamCountry "GER"]
[BlackTeamCountry "GER"]

1. d4 Nf6 2. c4 g6 3. Nf3 Bg7 4. g3 c6 5. Bg2 0-0 6. 0-0 d5 7. Qb3 Qb6 8. Nc3 Be6 9. Ng5 dxc4 10. Qa4 Bd7 11. Qxc4 h6 12. Nf3 Be6 13. Qa4 Na6 14. Rd1 Rfd8 15. e4 Bg4 16. Rb1 Qb4 17. Qxb4 Nxb4 18. Rd2 Ne8 19. a3 Na6 20. Ne5 Be6 21. b4 Nd6 22. Bf1 Bxe5 23. dxe5 Nc4 24. Rxd8+ Rxd8 25. b5 Nc5 26. bxc6 bxc6 27. Bxh6 Nxa3 28. Ra1 Nb5 29. Nxb5 cxb5 30. Bxb5 Nxe4 31. h4 Nd2 32. Bf4 Nf3+ 33. Kg2 Nd4 34. Bf1 Bd5+ 35. Kh3 Rd7 36. g4 Nc6 37. Ra6 Rb7 38. Bg3 Nb8 39. Ra5 Be4 40. Rc5 Nd7 41. Rc8+ Kg7 42. Be2 Nf8 43. Rc3 Ne6 44. Rc4 1/2-1/2

[Event "Bundesliga 8990"]
[Site "Germany"]
[Date "1989.??.??"]
[Round "?.7"]
[White "Schindler, Werner"]
[Black "Breutigam, Martin"]
[Result "1/2-1/2"]
[WhiteElo "2295"]
[BlackElo "2320"]
[PlyCount "100"]
[EventDate "1989.10.??"]
[EventType "team-tourn"]
[EventRounds "15"]
[EventCountry "GER"]
[SourceTitle "GER-chT"]
[Source "ChessBase"]
[SourceDate "1999.07.01"]
[SourceVersion "1"]
[SourceVersionDate "1999.07.01"]
[SourceQuality "1"]
[WhiteTeam "Kirchheim"]
[BlackTeam "Delmenhorst"]
[WhiteTeamCountry "GER"]
[BlackTeamCountry "GER"]

1. e4 d6 2. d4 Nf6 3. Nc3 c6 4. Nf3 Bg4 5. Be2 e6 6. 0-0 Be7 7. h3 Bh5 8. Bf4 d5 9. exd5 Bxf3 10. Bxf3 Nxd5 11. Nxd5 exd5 12. Re1 0-0 13. Qd2 Na6 14. Re2 Bd6 15. Rae1 Nc7 16. Bg4 f5 17. Bh5 g6 18. Bf3 Qd7 19. h4 Rfe8 20. Bxd6 Qxd6 21. h5 Rxe2 22. Rxe2 Re8 23. hxg6 hxg6 24. g3 Kg7 25. Kg2 Rxe2 26. Qxe2 Kf6 27. Qe3 g5 28. Bd1 Qe6 29. Qxe6+ Nxe6 30. c3 c5 31. Bb3 cxd4 32. cxd4 Nxd4 33. Bxd5 b6 34. f4 Kg6 35. Kf2 Kh5 36. fxg5 Kxg5 37. Ke3 Nb5 38. Bf3 Kf6 39. a4 Nd6 40. Kd4 Nf7 41. Kd5 Ng5 42. Bg2 Ne6 43. Bf1 f4 44. gxf4 Nxf4+ 45. Kc6 Ke5 46. b4 Nd5 47. Kb7 Nxb4 48. Kxa7 Nd5 49. Bg2 Nc3 50. Kxb6 Nxa4+ 1/2-1/2

[Event "Bundesliga 8990"]
[Site "Germany"]
[Date "1989.??.??"]
[Round "?.7"]
[White "Sievers, Stefan"]
[Black "Schindler, Werner"]
[Result "1/2-1/2"]
[WhiteElo "2255"]
[BlackElo "2295"]
[PlyCount "33"]
[EventDate "1989.10.??"]
[EventType "team-tourn"]
[EventRounds "15"]
[EventCountry "GER"]
[SourceTitle "GER-chT"]
[Source "ChessBase"]
[SourceDate "1999.07.01"]
[SourceVersion "1"]
[SourceVersionDate "1999.07.01"]
[SourceQuality "1"]
[WhiteTeam "Hamburger SK"]
[BlackTeam "Kirchheim"]
[WhiteTeamCountry "GER"]
[BlackTeamCountry "GER"]

1. e4 c5 2. Nf3 Nc6 3. Nc3 g6 4. d4 cxd4 5. Nxd4 Bg7 6. Be3 Nf6 7. Bc4 0-0 8. Bb3 d6 9. f3 Bd7 10. Qd2 Nxd4 11. Bxd4 b5 12. 0-0 a5 13. a3 Bc6 14. Rad1 Qb8 15. Rfe1 Re8 16. Kh1 b4 17. axb4 1/2-1/2

[Event "4 Laender-Cup"]
[Site "Germany"]
[Date "1986.??.??"]
[Round "?"]
[White "Beckemeier, Werner"]
[Black "Schindler, Werner"]
[Result "1/2-1/2"]
[WhiteElo "2320"]
[BlackElo "2295"]
[PlyCount "66"]
[EventDate "1986.??.??"]
[EventType "team-tourn"]
[EventRounds "3"]
[EventCountry "GER"]
[SourceTitle "EXT 2002"]
[Source "ChessBase"]
[SourceDate "2001.11.25"]
[SourceVersion "1"]
[SourceVersionDate "2001.11.25"]
[SourceQuality "1"]

1. e4 c5 2. Nf3 Nc6 3. d4 cxd4 4. Nxd4 g6 5. c4 Nf6 6. Nc3 Nxd4 7. Qxd4 d6 8. Be2 Bg7 9. Bg5 0-0 10. Qd2 Qa5 11. f3 Be6 12. Rc1 Rfc8 13. Nd5 Qxd2+ 14. Kxd2 Nxd5 15. cxd5 Bd7 16. Rxc8+ Rxc8 17. Bxe7 Bh6+ 18. Ke1 Rc1+ 19. Bd1 Rb1 20. b3 Rb2 21. a4 Rxg2 22. Be2 Bf4 23. h4 f5 24. Kf1 Rg3 25. exf5 Bxf5 26. Kf2 Rh3 27. Rxh3 Bxh3 28. a5 a6 29. Bg5 Be5 30. Bd2 Bf5 31. b4 Bd7 32. Bd3 Bb5 33. Be4 Bd7 1/2-1/2